| 000 | 00527nam a22001697a 4500 | ||
|---|---|---|---|
| 005 | 20260303151005.0 | ||
| 008 | 260303b |||||||| |||| 00| 0 eng d | ||
| 020 | _a978-9914-55-236-2 | ||
| 100 | _aMUTWIWA, PETRONILLA | ||
| 245 | _aEXCELLING INFORMATION AND COMMUNICATION TECHNOLOGY: LEARNERS BOOK GRADE 10 | ||
| 260 |
_aNAIROBI _bKLB _c2025 |
||
| 300 | _aIV,236P. | ||
| 500 | _aINCLUDES AN INDEX | ||
| 650 | _aINFORMATION TECHNOLOGY-TEXTBOOKS | ||
| 700 | _aMUTIE JOSHUA, ALUOCH DOROTHY, MAUNDU LINNET | ||
| 942 |
_2lcc _cBK |
||
| 999 |
_c216773 _d216773 |
||